00729nam a22001937a 450000500170000001000150001702000260003203500140005803700130007208200140008510000240009924500770012326000410020027000810024130000260032294200280034899900190037695201400039520170424151557.0 aENG-117942 c210.00a9788123773223 aEN-101474 bDBAD/PUB a320.95416 aGoyel, Purushottam  aPolity and governance of Delhi /cby Purushottam Goyel [and] S.K. Sharma aNew DelhibNational Book Trustc2016 aNehru Bhawan, 5 Institutional Area, Phase-ii, Vasant kunjbNew Delhie110070 aix, 226p. c21cm(pbk) 2ddccENh320.95416mGOY c139237d139237 001040718NFICaDBADbDBADd2017-04-24eDBAD/PUBg210.00l0o320.95416 GOYpEN-101474r2017-04-24 00:00:00t1v210.00w2017-04-24yEN